000 01068cam a2200313 a 4500
001 4254
003 FISKH
005 20240710143846.0
008 071018r20081997nyua b 000 1 eng
010 _a 2007037161
020 _a9780545064682
040 _aDLC
_cDLC
_dDLC
_beng
050 _aPZ7.N5897
082 _a823.914
100 1 _aNimmo, Jenny.
245 1 4 _aThe dragon's child /
_cJenny Nimmo ; illustrated by Alan Marks.
250 _aFirst edition, May 2008
260 _aNew York :
_bOrchard Books,
_c1977
300 _a197 pages :
_billustrations ;
_c20 cm
505 _aR
520 _aDando, a young dragon who cannot fly, is captured by dangerous humans, but a kind slave-girl, an orphaned bird, and the melancholy son of the dragon's captors help him escape his imprisonment and learn to fly.
521 8 _a780
_bLexile
521 8 _aR
_bRaz-Plus
650 1 _aDragons
_vFiction.
700 1 _aMarks, Alan,
_d1957-
_eillustrator
906 _a7
_bcbc
_corignew
_d1
_eecip
_f20
_gy-gencatlg
942 _2ddc
_cBK
_n0
999 _c4254
_d4254